| 000 | 00708nam a2200193 a 4500 | ||
|---|---|---|---|
| 001 | 000026689 | ||
| 005 | 20250307073710.0 | ||
| 008 | 110324s2000 dr 000 0 spa d | ||
| 020 | _a9681659880 | ||
| 040 |
_aDO-SdBNP _bspa _cBNPHU |
||
| 100 | 1 |
_aHenríquez Ureña, Pedro, _d1884-1946 _91718 |
|
| 245 | 1 | 0 |
_aMemorias, diario, notas de viaje / _cPedro Henríquez Ureña ; introducción y notas de Enrique Zuleta Álvarez. |
| 250 | _a2a ed. corr. y aumentada ; prólogo | ||
| 260 |
_aMéxico : _bFondo de Cultura Económica, _c2000. |
||
| 300 |
_a223 p. ; _c21 cm. |
||
| 500 | _aIncluye referencias bibliográficas y notas al pie de las páginas | ||
| 504 | _aBibliografía : p. 219-222 | ||
| 049 | _aBNPD | ||
| 999 |
_c26181 _d26181 |
||